banner koha

Flora das cangas da Serra dos Carajás, Pará, Brasil: Onagraceae (Registro n. 331787)

MARC details
000 -LÍDER
fixed length control field 01859nab a2200241 i 4500
003 - CÓDIGO MARC DA AGÊNCIA CATALOGADORA
Campo de controle BR-BrBNA
005 - DATA E HORA DA ÚLTIMA ATUALIZAÇÃO
Campo de controle 20250529101418.0
008 - CAMPO DE TAMANHO FIXO
fixed length control field 250529b2018 bl.qr|pooa||| 00| 0 por |
040 ## - FONTE DA CATALOGAÇÃO
Agência catalogadora BR-BrBNA
Idioma da catalogação por
072 ## - CATEGORIA AGRIS
Código AGRIS F70
100 ## - ENTRADA PRINCIPAL - NOME PESSOAL
Nome pessoal Lovo, Juliana
100 ## - ENTRADA PRINCIPAL - NOME PESSOAL
Nome pessoal Zappi, Daniela C.
245 ## - TÍTULO PRINCIPAL
Título principal Flora das cangas da Serra dos Carajás, Pará, Brasil: Onagraceae
500 ## - NOTA GERAL
Nota geral Publicação on-line; 9 ref.; 3 illus.; Summaries (En, Pt)
942 ## - ADDED ENTRY ELEMENTS (KOHA)
Koha item type Analítica
520 ## - NOTA DE RESUMO
Nota de conteúdo <br/><br/>Resumo<br/><br/>Este estudo consiste no levantamento das espécies de Onagraceae que ocorrem sobre canga na Serra dos<br/>Carajás, estado do Pará, Brasil. O trabalho compreende descrições detalhadas, comentários sobre as espécies,<br/>distribuição, ilustrações e chave de identificação. Foram encontradas sete espécies pertencentes ao gênero<br/>Ludwigia, todas associadas a ambientes úmidos ou alagados.<br/><br/>Palavras-chave: afloramento de canga, FLONA Carajás, florística, Ludwigia.<br/><br/><br/><br/><br/>Abstract<br/><br/>The aim of the present study is to investigate the Onagraceae growing on iron-ore substrate (canga) at the<br/>Serra dos Carajás, Pará state, Brazil. It comprises identification key, detailed descriptions, comments on<br/>the species and their distribution and illustrations. Seven species of Ludwigia were reported for the area, all<br/>associated with temporarily or permanently flooded environments.<br/><br/>Key words: iron-ore outcrops, FLONA Carajás, floristics, Ludwigia.
650 ## - ASSUNTO - THESAGRO
Cabeçalho tópico ou nome geográfico CARAJÁS
650 ## - ASSUNTO - THESAGRO
Cabeçalho tópico ou nome geográfico COMPOSIÇÃO BOTÂNICA
650 ## - ASSUNTO - THESAGRO
Cabeçalho tópico ou nome geográfico CRUZ DE MALTA
773 0# - ENTRADA ANALÍTICA
Host Biblionumber 709
Registro do item 350699
Imprenta Rio de Janeiro-RJ Jardim Botanico do Rio de Janeiro 1935
Outro identificador 2025-3324
Título Rodriguésia (Brazil)
ISSN 0370-6583; 2175-7860 on-line
Colação v. 69(1) p. 157-164; (2018)
Número de controle de registro BR2025001294
856 ## - ACESSO E ENDEREÇO ELETRÔNICO
Identificador uniforme de recurso - URI https://www.scielo.br/j/rod/a/PLGQjLxDYFC4QJgVP5DZfsf/?format=pdf&lang=pt

Nenhum exemplar disponível.

BINAGRI

Telefone: (61)3218-2567/2388/3357/2097 - binagri@agro.gov.br

Ministério da Agricultura e Pecuária , Esplanada dos Ministérios, Bloco D, Anexo B, Brasília/DF, CEP: 70.043-900